Skład Realu Madryt w La Liga 2023/24 - Statystyki

Ogólne statystyki
  • Ten quiz został rozwiązany 1 019 razy
  • Średni wynik to 18 z 23
Statystyki odpowiedzi
Numer Zawodnik % Poprawnych
7 Vinicius Junior
96%
10 Luka Modrić
93%
11 Rodrygo
93%
5 Jude Bellingham
89%
8 Toni Kroos
86%
12 Eduardo Camavinga
85%
1 Thibaut Courtois
85%
22 Antonio Rudiger
83%
2 Daniel Carvajal
83%
4 David Alaba
83%
3 Eder Militao
82%
13 Andrij Łunin
81%
23 Ferland Mendy
79%
14 Joselu
78%
15 Federico Valverde
73%
18 Aurelien Tchouameni
72%
25 Kepa Arrizabalaga
72%
6 Nacho Fernandez
70%
21 Brahim Diaz
64%
24 Arda Guler
58%
17 Lucas Vazquez
58%
20 Fran Garcia
57%
19 Dani Ceballos
50%
Nie znaleziono quizów pasujących do podanych kryteriów
Rozkład punktacji
Procent ludzi z każdym wynikiem
Percentyl według liczby udzielonych odpowiedzi
Twoja historia wyników
Nie rozwiązałeś tego quizu